[Event "Barcelona Electrica Baleares op 2nd"]
[Site "Barcelona"]
[Date "2019.05.17"]
[Round "9"]
[White "Cabrera Marmol, Manel"]
[Black "Recacha Limeres, Sergio"]
[Result "0-1"]
[WhiteElo "1717"]
[BlackElo "1363"]
[PlyCount "43"]
[EventDate "2019.03.15"]
[EventType "swiss"]
[EventRounds "9"]
[EventCountry "ESP"]
[SourceTitle "CBM 190 Extra"]
[Source "ChessBase"]
[SourceDate "2019.07.15"]
[SourceVersion "1"]
[SourceVersionDate "2019.07.15"]
[SourceQuality "1"]

1. e4 e6 2. d4 d5 3. Nc3 Bb4 4. e5 c5 5. a3 Bxc3+ 6. bxc3 Qc7 7. Bd2 Ne7 8. Bd3 Nbc6 9. Nf3 h6 10. 0-0 c4 11. Be2 Bd7 12. h3 0-0-0 13. a4 f6 14. exf6 gxf6 15. g3 Rdg8 16. Re1 Rxg3+ 17. fxg3 Qxg3+ 18. Kh1 Qxh3+ 19. Nh2 Nf5 20. Rg1 Ng3+ 21. Rxg3 Qxg3 22. Qf1 0-1